MARC

LEADER 00000nas a2200000 a 4500
001 ssj0025056
003 WaSeSS
005 20200512172242.0
006 m d
007 cr n
008 960215d19uu2003cauwr p s 0 0eng c
010 |a sn 96047256  
035 |a (WaSeSS)ssj0025056 
040 |a WAU  |b eng  |c WAU  |d DLC  |d GUA  |d ORU  |d NSD  |d IUL  |d CUS  |d OCLCQ  |d OCLCF  |d OCL  |d WaSeSS 
042 |a pcc 
043 |a n-usp-- 
050 1 4 |a HF5801  |b .A396 
130 0 |a Adweek (Western ed.) 
245 1 0 |a Adweek  |h [electronic resource]. 
250 |a Western ed. 
260 |a Los Angeles, CA :  |b BPI Communications,  |c -c2003. 
310 |a 51 issues per year 
362 0 |a -v. 53, no. 4 (Jan. 27, 2003). 
500 |a Published: New York, NY : VNU Business Publications USA, -2003. 
506 |a License restrictions may limit access. 
580 |a Merged with the other five regional print eds. of Adweek (Eastern ed., Midwest ed., New England ed., Southeast ed., and Southwest ed.); to form: Adweek (2003). 
588 |a Description based on: Vol. 45, no. 19 (May 8, 1995); title from cover. 
650 0 |a Advertising  |z West (U.S.)  |v Periodicals. 
650 7 |a Advertising.  |2 fast  |0 (OCoLC)fst00797511 
651 7 |a West United States.  |2 fast  |0 (OCoLC)fst01243255 
655 0 |a Electronic journals. 
770 0 |t Superbrands  |w (DLC) 90643263  |w (OCoLC)22462491 
770 0 |t Infomercial and direct response television  |w (DLC) 96648116  |w (OCoLC)32726819 
770 0 |t Best spots of the year  |w (OCoLC)49211196 
770 0 |t Adweek best spots  |w (DLC) 2007238352  |w (OCoLC)52724707 
780 0 0 |t Adweek. Western advertising news  |x 0199-4743  |w (DLC)sn 80008960  |w (OCoLC)5906739 
785 1 7 |t Adweek (Eastern ed.)  |x 0199-2864  |w (DLC) 95644356  |w (OCoLC)5757293 
785 1 7 |t Adweek (Midwest ed.)  |x 0276-6612  |w (DLC)sn 81003980  |w (OCoLC)7391322 
785 1 7 |t Adweek (New England ed.)  |x 0888-0840  |w (DLC) 87641839  |w (OCoLC)13407251 
785 1 7 |t Adweek (Southeast ed.)  |x 8756-6389  |w (DLC) 89646028  |w (OCoLC)11626364 
785 1 7 |t Adweek (Southwest ed.)  |x 0746-892X  |w (DLC)sn 84002883  |w (OCoLC)9170436 
785 1 7 |t Adweek (2003)  |x 1549-9553  |w (DLC) 2003233090  |w (OCoLC)52059332 
850 |a WaU 
856 4 0 |z Full text available from Research Library: 10/13/1997 to 01/27/2003  |u https://search.proquest.com/publication/5552